| 000 | 01048cam a22002777a 4500 | ||
|---|---|---|---|
| 001 | 14859171 | ||
| 003 | OSt | ||
| 005 | 20240624104135.0 | ||
| 008 | 070521s2007 enka b 001 0 eng | ||
| 010 | _a 2007274540 | ||
| 020 | _a0521852498 | ||
| 040 |
_aDLC _cMUST _dDLC |
||
| 082 | 0 | 0 | _a539.72 COT 2007 |
| 100 | 1 |
_aCottingham, W. N. _98016 |
|
| 245 | 1 | 3 |
_aAn introduction to the standard model of particle physics / _cW.N. Cottingham and D.A. Greenwood. |
| 246 | 3 | 0 | _aStandard model of particle physics |
| 250 | _a2nd ed. | ||
| 260 |
_aCambridge ; _aNew York : _bCambridge University Press, _c2007. |
||
| 300 |
_axix, 272 p. : _bill. ; _c26 cm. |
||
| 650 | 0 |
_aStandard model (Nuclear physics) _915795 |
|
| 700 | 1 |
_aGreenwood, D. A. _98017 |
|
| 856 | 4 | 1 |
_3Table of contents only _uhttp://www.loc.gov/catdir/toc/fy0712/2007274540.html |
| 906 |
_a7 _bcbc _corigcop _d2 _encip _f20 _gy-gencatlg |
||
| 942 |
_2ddc _cO_SHELF |
||
| 999 |
_c8726 _d8726 |
||